00963nam a2200217 i 4500001000700000003000900007005001700016007000300033008004100036100003000077245018900107260004000296490006800336650003500404700002700439700003100466830007600497852003200573999001900605952012100624133585ES-MaACL20230906194447.0t|070821s1974 ag ||||1| spa d1 aWolin, Sheldon S.911728010aPolítica y perspectiva b: continuidad y cambio en el pensamiento político occidental / cSheldon S. Wolin ; [traducción, Ariel Bignami ; revisión técnica Alfredo Antognini]. aBuenos Aires : bAmorrortu, c1974.1 aBiblioteca de ciencias políticas y relaciones internacionales aPolítica-vHistoria.91720151 aBignami, Ariel.9288401 aAntognini, Alfredo.9219070 aBiblioteca de ciencias políticas y relaciones internacionales9219758 aES-MaACLjL-8541 bR.109064 c133585d133585 00104070aATENEOMbATENEOMcDEPO2d2008-01-17eSCl0oL-8541p1139064r2023-02-23 00:00:00w2023-02-23yMONOGRAFIA